000 02146cam a2200373 i 4500
003 SA-RiAUC
005 20240930145739.0
008 240924s1986 le g b 000 0bara c
040 _aSA-RiAUC
_bara
_cSA-RiAUC
_erda
082 0 4 _a922.581
_qSA-RiAUC
090 _a922.581
_bم ع ل
100 1 _aالمعلمي، عبد الرحمن بن يحيى بن علي،
_d1313-1386 هجري
_eمؤلف.
245 1 2 _aالتنكيل بما في تأنيب الكوثري من الأباطيل/
_cتأليف عبد الرحمن بن يحيى المعلمي العتمي اليماني ؛ تخريج محمد ناصر الدين الألباني، زهير الشاويش، عبد الرزاق حمزة.
250 _aالطبعة الثانية.
264 1 _aبيروت :
_bالمكتب الاسلامي،
_c1986
300 _a2 مجلد في 1 ؛
_c25 سم
336 _aنص
_btxt
_2rdacontent
_3كتاب
337 _aبدون وسيط
_bn
_2rdamedia
338 _aمجلد
_bnc
_2rdacarrier
504 _aيشتمل على إرجاعات ببليوجرافية.
600 1 7 _aأبو حنيفة، النعمان بن ثابت التيمي،
_d80-150 هجري
_2aucnm
650 7 _aالفقهاء الأحناف
_vتراجم
_2aucsh
650 7 _aالفقه الحنفي
_2aucsh
700 1 _aالألباني، محمد ناصر الدين،
_d1914-1999
_eمخرج أحاديث.
700 1 _aالشاويش، زهير،
_d1925-2013
_eمخرج أحاديث.
700 1 _aحمزة، عبد الرزاق
_eمخرج أحاديث.
700 1 2 _aالكوثري، محمد زاهد بن الحسن،
_d1879-1952.
_tتأنيب الخطيب على ما ساقه في ترجمة أبي حنيفة من الأكاذيب
700 1 2 _aالخطيب البغدادي، أحمد بن علي بن ثابت،
_d392-463 هجري.
_tتاريخ بغداد، أو، مدينة السلام
740 0 2 _aتاريخ بغداد.
740 0 2 _aتأنيب الخطيب على ما ساقه في ترجمة أبي حنيفة من الأكاذيب.
942 _2ddc
_cBOOK
_n0
949 _aSA-JeALM
_d240924
_umohamedma123
_n1
999 _c714
_d714